000 00679cam a2200253 4500
008 090401t1994 xxu||||| |||| 00| 0 eng d
020 _a0853082251
035 _a(Sirsi) u25953
041 _aeng
050 _a346.41078
100 _aLawson, Stephen A.
245 _aLaw of Property Act receiverships.
260 _aBristol
_bJordans
_c1994
300 _axix,174p. ; 24cm.
350 _a37.5
650 _aINSOLVENCY ACT 1986
650 _aInsolvency
_96247
650 _aLAW OF PROPERTY ACT 1925
650 _aLAW OF PROPERTY ACT RECEIVERS
650 _aRECEIVERSHIP
690 _aPROPERTY-PROPERTY FINANCE AND INVESTMENT
942 _n0
948 _c04/03/1997
999 _c88843
_d88843